Nazwy rzeczne w dorzeczu Warty
| Titel: | Nazwy rzeczne w dorzeczu Warty / Janusz Rieger, Ewa Wolnicz-Pawłowska |
|---|---|
| Verfasser: | |
| Beteiligt: | |
| Veröffentlicht: | Wrocław [u.a.] : Zakład Narodowy im. Ossolińskich, 1975 |
| Umfang: | 306 S. : zahlr. Ill. |
| Format: | Buch |
| Sprache: | Polnisch |
| Schriftenreihe/ mehrbändiges Werk: |
Prace onomastyczne ; 24 |
| RVK-Notation: |
X
alg: 10358293
001A $00004:06-03-02
001B $01999:18-10-24 $t18:58:14.000
001C $03004:02-08-07 $t11:08:55.000
001D $03004:02-08-07
001U $0utf8
001X $00
002@ $0Aau
003@ $0103582932
003O $002834448 $aOCoLC
007A $0103582932 $aHEB
007I $0Titus:22562
007T $0Herdhh103582932
010@ $apol
011@ $a1975
013H $0z
021A $aNazwy rzeczne w dorzeczu Warty $hJanusz Rieger, Ewa Wolnicz-Pawłowska
028A $#Рiґер, Януш $#Rieger, Janusz A. $#Rieger, Janusz Andrzej $#Riger, Januš $#Riger, Januš A. $7124115209 $8Rieger, Janusz$Z1934- [Tp1] $9109102452
028B/01 $#Wolnicz-Pawłowska, E. $#Wolnicz, Ewa $#Wolnicz, E. $#Pawłowska, Ewa Wolnicz- $D20231015 $Ecgwrk $71055802770 $8Wolnicz-Pawłowska, Ewa$Z1947- [Tp3] $9345263510
033A $pWrocław {[u.a.] $nZakład Narodowy im. Ossolińskich
034D $a306 S.
034M $azahlr. Ill.
036E $aPrace onomastyczne $l24
036F $x224 $8Prace onomastyczne $9001395602 $l24
044K $RGeografischer Name $RGewässername $#Hydronymy $#Cours d'eau Noms $#Flussnamen $#Fluss Name $#Fluss Gewässername $74130227-8 $8Flussname [Ts1] $9085459496
044K $#Warta Fluss $74064663-4 $8Warthe [Tg1] $9085181471
044K $#Watersheds $#Bassins hydrographiques $#Einzugsbereich Hydrologie $74151469-5 $8Einzugsgebiet [Ts1] $9085628468
045F $a400 $eDDC23BSB
045F/01 $a400
045F/03 $g438
045G $a417.709438 $eDDC23BSB
045G/01 $a417.7
045G/03 $g438
045G/03 $g43849
045Z $8KN 5810 [Tkv] $9409247375
046M $aMit Zsfassung in franz. Sprache u.d.T.: Les noms de rivières dans le bassin de Warta
lok: 10358293 3
101B $016-10-21 $t01:53:56.000
101C $016-10-21
101U $0utf8
145S/11 $alin
exp: 10358293 3 1 #EPN
201B/01 $006-05-11 $t16:26:55.000
201U/01 $0utf8
203@/01 $0618771344
206W/01 $0UB1-t1340582
208@/01 $a01-01-11 $brAa
209A/01 $a80.766.32 $du $f000 $x00
209B/01 $aStUB-Retro $x05
209G/01 $a80766327 $x00
209U/01 $qimage/gif $A2 $3Katalogkarte der UB Frankfurt $uhttp://resolver.hebis.de/retro/t1340582 $mV:DE-603;B:DE-30
247C/01 $8601000-3 <30>Frankfurt, Universitätsbibliothek J. C. Senckenberg, Zentralbibliothek (ZB) $9102598258
exp: 10358293 3 2 #EPN
201B/02 $016-09-22 $t23:13:03.000
201C/02 $016-10-21
201U/02 $0utf8
203@/02 $01170998844
208@/02 $a05-10-21 $brEv
209A/02 $a85/XIX H so 23 $du $f050 $x00
209B/02 $a5051 $x05
209C/02 $a31661
209G/02 $a3003125860 $x00
220C/02 $aWPS
220C/02 $aRohdaten Sprache SL:NP ==:== ==:== / Kategorie: ON == ==
245Z/02 $aSLNP $bNeupolnisch $x01
245Z/02 $aON $bOnomastik $x04
247C/02 $8601050-7 <30/50>Frankfurt, Universitätsbibliothek J. C. Senckenberg, Bibliothek Sprach- und Kulturwissenschaften (BSKW) $9486206378
lok: 10358293 24
101B $002-08-07 $t11:08:55.000
101C $002-08-07
101U $0utf8
145Z/01 $a32 10 B
145Z/02 $a34 8 W 26
exp: 10358293 24 1 #EPN
201B/01 $002-08-07 $t11:08:55.000
201C/01 $002-08-07
201U/01 $0utf8
203@/01 $0507027884
208@/01 $a02-08-07 $br
209A/01 $a32 X B 192 $du $f050 $h32 10 B 192 $x00
209C/01 $aK 75.1296 $h75 1296 K
209G/01 $a71875172 $x00
220C/01 $agro
247C/01 $8358050-7 Marburg, Bibliothek des Herder-Instituts Marburg $9102600961
lok: 10358293 78
exp: 10358293 78 1 #EPN
201B/01 $019-04-17 $t18:59:02.000
201U/01 $0utf8
203@/01 $079299907X
208@/01 $a12-11-16 $be
209A/01 $a/ $f000 $x00
237A/01 $aweiterführende Signatur(en): Herder-Institut: 32 X B 192
244Z/01 $2Trx $#Poola $#Lenkija $#Polija $#Polen Land $#Poland $#Lengyelország $#Poľsko $#Polsko $8--Trx--Polska$gkraj $x01 $9391345966
244Z/01 $2Trx $#Großpolen $#Greater Poland $#Velkopolsko $8--Trx--Wielkopolska $x02 $9391277227
244Z/01 $2Trx $8--Trx--Monographie $x03 $9391384546
245Z/01 $a11.07 $x01
247C/01 $82080>Marburg/Lahn, Herder-Institut, Forschungsbibliothek, Bibliographieportal $9336309341
lok: 10358293 205
exp: 10358293 205 1 #EPN
201B/01 $008-03-06 $t15:16:49.000
201C/01 $006-03-02
203@/01 $0169018199
208@/01 $a06-03-02 $br
209A/01 $aG 75/148 $du $f000 $x00
209B/01 $a98 $x05
209G/01 $a20795697 $x00
247C/01 $8351000-1 <4>Marburg, Universität Marburg, Universitätsbibliothek $9102594767
201U/01 $0utf8
| LEADER | 00000cam a2200000 c 4500 | ||
|---|---|---|---|
| 001 | 103582932 | ||
| 003 | DE-603 | ||
| 005 | 20241018185814.0 | ||
| 007 | tu | ||
| 008 | 020306s1975 xx |||| | u00||u|pol c | ||
| 035 | |a (DE-599)HEB103582932 | ||
| 035 | |a (OCoLC)02834448 | ||
| 040 | |a DE-603 |b ger |c DE-603 |d DE-603 | ||
| 041 | |a pol | ||
| 082 | 0 | 4 | |8 1\u |a 400 |q DE-101 |2 23/BSB |
| 083 | 0 | |8 2\u |a 417.709438 |q DE-101 |2 23/BSB | |
| 084 | |a KN 5810 |0 (DE-625)79924: |0 (DE-603)409247375 |2 rvk | ||
| 085 | |8 1\u |b 400 | ||
| 085 | |8 1\u |z 2 |s 438 | ||
| 085 | |8 2\u |b 417.7 | ||
| 085 | |8 2\u |z 2 |s 438 | ||
| 085 | |8 2\u |z 2 |s 43849 | ||
| 100 | 1 | |a Rieger, Janusz |d 1934- |0 (DE-603)109102452 |0 (DE-588)124115209 |2 gnd | |
| 245 | 0 | 0 | |a Nazwy rzeczne w dorzeczu Warty |c Janusz Rieger, Ewa Wolnicz-Pawłowska |
| 264 | 1 | |a Wrocław [u.a.] |b Zakład Narodowy im. Ossolińskich |c 1975 | |
| 300 | |a 306 S. |b zahlr. Ill. | ||
| 490 | 1 | |a Prace onomastyczne |v 24 | |
| 500 | |a Mit Zsfassung in franz. Sprache u.d.T.: Les noms de rivières dans le bassin de Warta | ||
| 650 | 7 | |a Flussname |0 (DE-588)4130227-8 |0 (DE-603)085459496 |2 gnd | |
| 650 | 7 | |a Einzugsgebiet |0 (DE-588)4151469-5 |0 (DE-603)085628468 |2 gnd | |
| 651 | 7 | |a Warthe |0 (DE-588)4064663-4 |0 (DE-603)085181471 |2 gnd | |
| 700 | 1 | |a Wolnicz-Pawłowska, Ewa |d 1947- |0 (DE-603)345263510 |0 (DE-588)1055802770 |2 gnd | |
| 830 | 0 | |t Prace onomastyczne |v 24 |w (DE-603)001395602 |w (DE-600)418992-9 |9 224 |7 as | |
| 924 | 0 | |9 30 |a (DE-603)618771344 |b DE-30 |c HES |d c |g 80.766.32 | |
| 924 | 0 | |9 30/50 |a (DE-603)1170998844 |b DE-30-50 |c HES |d d |g 85/XIX H so 23 | |
| 924 | 0 | |9 Mb 50 |a (DE-603)507027884 |b DE-Mb50 |c HES |d c |g 32 X B 192 | |
| 924 | 0 | |9 2080 |a (DE-603)79299907X |b DE-2080 |c HES |d d |g / | |
| 924 | 0 | |9 4 |a (DE-603)169018199 |b DE-4 |c HES |d c |g G 75/148 | |


